|
|
|
|
| LEADER |
00000nam0a2200000 4500 |
| 001 |
312229 |
| 005 |
20231102002450.0 |
| 020 |
|
|
|a RU
|b 82-16536ж
|
| 035 |
|
|
|a (RuTPU)RU\TPU\book\337596
|
| 090 |
|
|
|a 312229
|
| 100 |
|
|
|a 20151218a1981 k y0rusy5003 ca
|
| 101 |
0 |
|
|a rus
|
| 102 |
|
|
|a GE
|
| 105 |
|
|
|a a z 001zy
|
| 200 |
1 |
|
|a Меловой вулканизм Аджаро-Триалети
|f Г. Ш. Надарейшвили
|g Академия наук Грузинской ССР (АН ГрузССР), Геологический институт
|
| 210 |
|
|
|a Тбилиси
|c Мецниереба
|d 1981
|
| 215 |
|
|
|a 140 с.
|c ил.
|
| 225 |
1 |
|
|a Труды. Новая серия
|v Вып. 75
|
| 320 |
|
|
|a Библиогр.: с. 133-139
|
| 606 |
1 |
|
|a Вулканизм меловой
|2 stltpush
|3 (RuTPU)RU\TPU\subj\3807
|9 32156
|
| 610 |
1 |
|
|a складчатые зоны
|
| 610 |
1 |
|
|a геологическое строение
|
| 610 |
1 |
|
|a вулкагенное осадконакопление
|
| 610 |
1 |
|
|a осадочные толщи
|
| 610 |
1 |
|
|a геологическое развитие
|
| 675 |
|
|
|a 551.21:551.73/.78
|v 3
|
| 700 |
|
1 |
|a Надарейшвили
|b Г. Ш.
|g Гурам Шалвович
|
| 712 |
0 |
2 |
|a Академия наук Грузинской ССР (АН ГрузССР)
|b Геологический институт
|2 stltpush
|3 (RuTPU)RU\TPU\col\12806
|
| 801 |
|
0 |
|a RU
|b RuMRKP
|c 19950704
|g psbo
|
| 801 |
|
1 |
|a RU
|b 63413507
|c 20151218
|
| 801 |
|
2 |
|a RU
|b 63413507
|c 20191112
|g RCR
|
| 942 |
|
|
|c BK
|